Language Quiz

Random Language or Letter Quiz

Begins and Ends with 'C' Quiz Stats

 Plays Quiz Updated Oct 23, 2018

Challenge
Share
Tweet
Embed
Score 0/21 Timer 05:00
1 Play Today
Hint Word/Phrase % Correct
A book that might contain superheroesComic
95.9%
Bruce Springsteen sang about a pink one of these luxury vehiclesCadillac
89.8%
Relating or belonging to a city...or a HondaCivic
87.1%
Having to do with the heartCardiac
82.7%
Religious affiliation of the PopeCatholic
81%
A persistent and lasting disease or medical conditionChronic
73.4%
Pertaining to the abnormal fear of being in enclosed or narrow placesClaustrophobic
72.4%
Trendy, fashionable, in vogueChic
64.5%
A street closed at one endCul-de-sac
62.2%
Enduring work of art or a type of rock musicClassic
59.9%
A type of French brandyCognac
58.5%
Hint Word/Phrase % Correct
A material usually made by heating clay to a high temperatureCeramic
50.5%
Name for HClO3 acidChloric
50.1%
A type of stylized or decorative knot or football club in GlasgowCeltic
46.1%
Relating to a pivotal ending scene in a movie or bookClimactic
44.9%
Completely confused or disorderedChaotic
39.3%
Surname of the President of France from 1995 to 2007(Jacques) Chirac
35.5%
Alphabetic writing system used in many Eastern European languagesCyrillic
33.6%
Larged-nosed Frenchman who inspired an eponymous play and the film RoxanneCyrano de Bergerac
30.9%
Circle, ellipse, hyperbola and parabola are these four sectionsConic
24.5%
The current geological era that began roughly 65 million years agoCenozoic
14%

You're not logged in!

Compare scores with friends on all Sporcle quizzes.
Join for Free
OR
Log In

You Might Also Like...

Show Comments

Extras

Top Quizzes Today


Score Distribution

Your Account Isn't Verified!

In order to create a playlist on Sporcle, you need to verify the email address you used during registration. Go to your Sporcle Settings to finish the process.

Report this User

Report this user for behavior that violates our Community Guidelines.

Details: